1148 1166 1333 1167 1308 1784 1469 1428 1311 1945 1097 1330 1298 1573 1127 1407 1148 1073 1358 1226 1890 1738 1548 1076 1044 1797 1837 1637 1937 1447 1213 1340 1429 1844 1654 1454 1079 1903 1357 1486 1000 1543 1410 1972 1390 1411 1273 1967 1165 1489 1880 1363 1134 1586 1245 1893 1355 1082 1617 1111 1472 1611 1274 1448 1387 1259 1881 1225 1889 1506 1884 1378 1836 1002 1514 1459 1637 1732 1648 1352 1117 1301 1234 1012 1338 1256 1918 1459 1095 1206 1576 1595 1736 1124 1507 1419 1088 1622 1247 BCNSPRNW ULIB Ver.6.0+V

เปลี่ยนเป็นภาษาไทย

Change to English
 แสดงรายละเอียดบรรณานุกรม
  กลับหน้าหลัก

Brief Record : Get Marc (ISO 2709) : E-mail record : QR code < ปิดหน้าต่าง
LEADER : 00000nam 2200000uu 4500
001    13399125123
003     ULIB
008    160930s2555||||th 000 0 tha d
020    ^a9786167531281
090    ^aนว.^bก305ส
100    ^aกันยากร
245    ^aเสน่หาในรอยทราย /^cกันยากร
260    ^aกรุงเทพฯ :^bสำนักพิมพ์ ทัช ,^c2555
300    ^a344 หน้า
945    ^p240^l0^i001358
999    ^aณรีรัตน์ วารุกา
รายการนี้ยังไม่มีแท็ก
คุณยังไม่ได้ล็อกอิน คุณสามารถมีกิจกรรมร่วมกับเว็บไซต์ได้ แต่ต้องล็อกอินก่อน ::
  ล็อกอิน

รายการสื่อสารสนเทศ

ลำดับที่ ประเภท เลขเรียก/บาร์โค้ด สถานที่ สถานะ
1. นวนิยาย
นวนิยาย
นว. ก305ส ฉ.1 
  Barcode: 001358
ห้องสมุดวิทยาเขตนครสวรรค์
►นวนิยาย:l:Fiction
บนชั้น

BibComment


ยังไม่เคยถูกคอมเมนท์

คอมเมนท์ทรัพยากรรายการนี้
  คอมเมนท์: เสน่หาในรอยทราย ..


 Copyright 2026. Bcnsprnw @Library